000 00651nam a2200253Ia 4500
003 OSt
005 20221006151233.0
006 a|||||r|||| 00| 0
007 ta
008 221006b |||||||| |||| 00| 0 jpn d
024 _a21,396
037 _bGift, Japan Foundation
_cTextual
040 _aEASL
_cEASL
_bjpn
041 _2jpn
_ajpn
082 _aZ, L8
100 _aSUEKAWA Hiroshi Ed.
245 0 _aHogaku nyumon
260 _aTokyo
_bYuhikaku Japan
_c1978
300 _a35p.
_ccm.
490 _v JL
650 _aJL
942 _hZ, L8
_cTEXL
_2CC
999 _c1089482
_d1089482